Responses for Show #5372 - Tuesday, January 8, 2008

Dan Pawson game 9.

Contestants

[<< previous game]

Charlotte Glicksman, a pediatric intensivist from Baltimore, Maryland

Justin Crowe, a professor of politics from Port Jefferson, New York

Dan Pawson, a legislative aide from Boston, Massachusetts (whose 8-day cash winnings total $151,301)

[next game >>]

Jeopardy! Round responses

WHAT A DICTATOR
FROM SCREEN TO STAGE
MEXICAN FOOD FROM THE LITTLE DINER
(Alex: In Canutillo, Texas.)
YOU'RE AN ANIMAL
DRINK IT, DANCE IT OR DRIVE IT
GOOD "BY"
    $200 2
East Germany

Dan
    $200 13
Hitchcock

Justin
    $200 26
tortillas

Charlotte
    $200 7
dogie

Justin
    $200 14
drive it

Charlotte
    $200 1
a bystander

Justin
    $400 8
(Justin: Who is Museveni?)

Idi Amin

JustinCharlotte
    $400 22
Harvard

Dan
    $400 27
tamales

Charlotte
    $400 9
a vulture

Dan
    $400 15
dance it

Triple Stumper
    $400 3
a bylaw

Dan
    $600 10
Franco

Dan
    $600 23
Miracle on 34th Street

Dan
    $600 28
(Charlotte: What are goats?)

sheep

Charlotte
Triple Stumper
    $800 17
(Charlotte: What are ants?)

bees

Charlotte
    $600 16
drink it

Charlotte
    $600 4
bypass

Justin
    $800 11
(Charlotte: Who was Hirohito?)

Tojo

Charlotte
Triple Stumper
    $800 24
(Frank) Capra

Dan
    $800 29
chiles rellenos

Triple Stumper
    $800 18
a zebra

Triple Stumper
    $800 20
(Alex: That was an old East German car. I think part of it was made of plywood. I kid you not, folks.)

drive it

Triple Stumper
    $800 5
a byproduct

Dan
    $1000 12
Pol Pot

Dan
    $1000 25
Xanadu

Triple Stumper
    $1000 30
gorditas

Triple Stumper
    $1000 19
the pronghorn antelope

Triple Stumper
    $1000 21
(Charlotte: What is dance it?)

drink it

JustinCharlotte
    $1000 6
bygone

Charlotte

Scores at the first commercial break (after clue 16):

Dan Justin Charlotte
$3,400 $800 $1,400

Scores at the end of the Jeopardy! Round:

Dan Justin Charlotte
$5,200 $1,800 -$400

Double Jeopardy! Round responses

U.S. GEOGRAPHY
FIREARMS IN SHOW BIZ
STORY LINE
(Alex: We'll give you the story line; you identify the work for us.)
WHICH U.S. CABINET DEPARTMENT?
WAR CORRESPONDENTS
THE "S"-NCE OF LIFE
    $400 16
Oahu

Charlotte
    $400 24
Magnum

Dan
    $400 11
A Tale of Two Cities

Triple Stumper
    $400 6
State

Dan
    $400 21
Hemingway

Justin
    $400 1
sheath

Dan
    $800 17
Lake Mead

Triple Stumper
    $800 27
Remington

Dan
    $800 12
Ben-Hur

Charlotte
    $800 5
Commerce

Justin
    $1,200 22
Winston Churchill

Justin
    $800 7
southpaw

Dan
    $1200 18
(Charlotte: What is Texas?)

Oklahoma

DanCharlotte
    $1200 28
Smith & Wesson

Dan
    $1200 13
(Dan: What is M*A*S*H?)
...
(Alex: That's a long way from M*A*S*H!)

The Last of the Mohicans

Dan
Triple Stumper
    $1200 2
Department of the Interior

Triple Stumper
    $1200 23
(Dan: Who is Winchell?)

Edward R. Murrow

Dan
Triple Stumper
    $1200 8
(Dan: What is scorched earth?)

sabotage

DanCharlotte
    $1600 19
Travis

Triple Stumper
    $1600 29
Velvet Revolver

Dan
    $1,500 14
A Connecticut Yankee in King Arthur's Court

Charlotte
    $1600 3
Health & Human Services

Justin
    $1600 25
The Crimean War

Dan
    $1600 9
snuff

Charlotte
    $2000 20
Long Island Sound

Justin
    $2000 30
Trigger

Charlotte
    $2000 15
One Hundred Years of Solitude

Dan
    $2000 4
Department of Transportation

Triple Stumper
    $2000 26
the Spanish-American War

Justin
    $2000 10
Sepoy

Triple Stumper

Scores at the end of the Double Jeopardy! Round:

Dan Justin Charlotte
$12,000 $9,800 $5,900

[wagering suggestions for these scores]

Final Jeopardy! Round responses

WORLD HISTORY
CharlotteWhat was discovery of the new world
$0
JustinWhat is the Spanish Inquisition
$2,201
DanWhat is the discovery of the New World by Columbus
$7,601
discovery of the New World

Final scores:

Dan Justin Charlotte
$19,601 $7,599 $5,900
9-day champion: $170,902 2nd place: $2,000 3rd place: $1,000

Game dynamics:

Coryat scores:

Dan Justin Charlotte
$12,000 $9,400 $6,800
19 R,
3 W
11 R
(including 1 DD),
1 W
12 R
(including 1 DD),
5 W
(including 1 DD)

Combined Coryat: $28,200

[game clues] [game scores] [suggest correction]

Game tape date: 2007-10-17
The J! Archive is created by fans, for fans. Scraping, republication, monetization, and malicious use prohibited; this site may use cookies and collect identifying information. See terms. The Jeopardy! game show and all elements thereof, including but not limited to copyright and trademark thereto, are the property of Jeopardy Productions, Inc. and are protected under law. This website is not affiliated with, sponsored by, or operated by Jeopardy Productions, Inc. Join the discussion at JBoard.tv.